[Event "Heraklion Gazi op"]
[Site "Heraklion"]
[Date "2006.09.06"]
[Round "7"]
[White "Eleftherakis, Panagiotis"]
[Black "Labrakis, Pavlos"]
[Result "1/2-1/2"]
[WhiteElo "1010"]
[BlackElo "1210"]
[PlyCount "25"]
[EventDate "2006.08.31"]
[EventType "swiss"]
[EventRounds "7"]
[EventCountry "GRE"]
[SourceTitle "EXT 2008"]
[Source "ChessBase"]
[SourceDate "2007.11.25"]
[SourceVersion "1"]
[SourceVersionDate "2007.11.25"]
[SourceQuality "1"]

1. e4 e5 2. Nf3 Nc6 3. Bc4 Bc5 4. d3 Nf6 5. 0-0 d6 6. c3 a6 7. Bb3 0-0 8. Nbd2 Bg4 9. Re1 Ba7 10. Nf1 d5 11. Ng3 Re8 12. Bg5 Be6 13. Bxf6 1/2-1/2

[Event "Heraklion Gazi op"]
[Site "Heraklion"]
[Date "2006.09.05"]
[Round "6"]
[White "Labrakis, Pavlos"]
[Black "Vourvahaki, Maria"]
[Result "1-0"]
[WhiteElo "1210"]
[BlackElo "1005"]
[PlyCount "84"]
[EventDate "2006.08.31"]
[EventType "swiss"]
[EventRounds "7"]
[EventCountry "GRE"]
[SourceTitle "EXT 2008"]
[Source "ChessBase"]
[SourceDate "2007.11.25"]
[SourceVersion "1"]
[SourceVersionDate "2007.11.25"]
[SourceQuality "1"]

1. e4 e5 2. Nf3 Nc6 3. Bc4 Bc5 4. d3 Nf6 5. Nc3 d6 6. h3 h6 7. 0-0 Na5 8. Bb3 0-0 9. Be3 Bxe3 10. fxe3 Bd7 11. d4 Qe7 12. Qd2 Nxb3 13. axb3 Rfe8 14. Rfe1 c5 15. Nd5 Nxd5 16. exd5 e4 17. Nh2 Qg5 18. Kh1 a6 19. dxc5 dxc5 20. Ra5 b6 21. Raa1 Bb5 22. c4 Bd7 23. Rad1 a5 24. Qf2 a4 25. Rf1 f6 26. bxa4 Rxa4 27. b3 Ra3 28. Qb2 Rea8 29. Qc3 Ra2 30. Rd2 R8a3 31. Re1 b5 32. cxb5 Bxb5 33. Qxc5 Ra1 34. Red1 Rxd1+ 35. Rxd1 Ra2 36. Rg1 Qg3 37. Qxb5 Qf2 38. d6 Rd2 39. Qe8+ Kh7 40. Qxe4+ Kg8 41. Qf3 Qxf3 42. Nxf3 Rxd6 1-0

[Event "Heraklion Gazi op"]
[Site "Heraklion"]
[Date "2006.08.31"]
[Round "1"]
[White "Dimitriadis, Theodoros"]
[Black "Labrakis, Pavlos"]
[Result "1-0"]
[WhiteElo "1995"]
[BlackElo "1210"]
[PlyCount "61"]
[EventDate "2006.08.31"]
[EventType "swiss"]
[EventRounds "7"]
[EventCountry "GRE"]
[SourceTitle "EXT 2008"]
[Source "ChessBase"]
[SourceDate "2007.11.25"]
[SourceVersion "1"]
[SourceVersionDate "2007.11.25"]
[SourceQuality "1"]

1. Nf3 d5 2. g3 Nc6 3. Bg2 e5 4. d3 Nf6 5. 0-0 Be7 6. Nbd2 Be6 7. e4 Qd7 8. Ng5 0-0-0 9. Nxe6 Qxe6 10. c3 h5 11. b4 h4 12. b5 Nb8 13. exd5 Nxd5 14. Ne4 h3 15. Bh1 Qg6 16. Qb3 Nf4 17. Bxf4 exf4 18. d4 Nd7 19. Qd5 Nb6 20. Qe5 Rhe8 21. Qxf4 Rd5 22. Bf3 Rxb5 23. Bg4+ Kb8 24. Bxh3 Rb2 25. Rfe1 Nd5 26. Qe5 Nb6 27. Nc5 Qc2 28. Qf4 f6 29. Nd7+ Ka8 30. Nxb6+ axb6 31. Bd7 1-0